00955nam a22002417a 450000500170000001000150001702000180003203500140005003700090006408200130007324501150008626000480020127000640024930000230031370000400033670000410037670000400041770000410045770000380049894200270053699900190056395201310058220240603154057.0 aENG-140465 a9788192746807 aEN-123997 bDBAD a346.0482 aA Discourse On Reprographic Right And Copyrights:bContemporary Facets/cEdited by Dilip Kumar Sinha...[et al] aKolkatabIndian Statistical Institutec2013 aIndian Statistical Institute, 203 B T RoadbKolkatae700108 a303 p.c24cm, (hb} aEdited by Sinha, Dilip Kumar966297 aEdited by Mallick, Amal Kumar966607 aEdited by Gangully, Nibedita966609 aEdited by Mukherjee, Dipankar966611 aEdited by Banerjee, Swapna966758 2ddccENh346.0482mDIS c203176d203176 001040708NFICaCJbCJd2024-05-22eDBADg800.00l0o346.0482 DISpEN-123997r2024-05-22 00:00:00t1v800.00w2024-05-22yEN